Diseño conceptual de la producción de etanol utilizando sorgo (Sorghum bicolor)
में बचाया:
| मुख्य लेखक: | |
|---|---|
| अन्य लेखक: | |
| स्वरूप: | पुस्तक |
| प्रकाशित: |
San José, Costa Rica
2005
|
| विषय: | |
| टैग: |
टैग जोड़ें
कोई टैग नहीं, इस रिकॉर्ड को टैग करने वाले पहले व्यक्ति बनें!
|
MARC
| LEADER | 00000nam a2200000Ia 4500 | ||
|---|---|---|---|
| 003 | 009513 | ||
| 005 | 20231123083225.0 | ||
| 008 | 140114s2005 cr a m 000 ||s d | ||
| 040 | |c cru CEDI | ||
| 090 | |a TFG 5053 | ||
| 100 | |a Cubero Alpízar, Margarita, 1980- |9 1847 | ||
| 245 | |a Diseño conceptual de la producción de etanol utilizando sorgo (Sorghum bicolor) | ||
| 260 | |a San José, Costa Rica |c 2005 | ||
| 300 | |a xvii, 118, [14] hojas : ilustraciones (algunas a color) | ||
| 500 | |a Proyecto de graduación (licenciatura en ingeniería química)--Universidad de Costa Rica. Facultad de Ingeniería. Escuela de Ingeniería Química | ||
| 501 | |a Director de Proyecto de Graduación: Ing. Álvaro Flores Zamora | ||
| 650 | |x SORGO |x INVESTIGACIONES |x ALCOHOL |x PRODUCCION |9 6045 | ||
| 700 | |a Flores Zamora, Álvaro, 1945- |d Director del TFG |9 1451 | ||
| 942 | |c TFG |h TFG 5053 |i 009513 |6 TFG_5053_009513000000000 | ||
| 999 | |c 17370 |d 17370 | ||
